000 00821nam a2200241Ia 4500
003 OSt
005 20220923222010.0
006 a|||||r|||| 00| 0
007 ta
008 220922b |||||||| |||| 00| 0 hin d
024 _a201,566
037 _cTextual
040 _aARTS
_cARTS
_bhin
041 _2hin
_ahin
082 _aV2,21y7M89, 152N0
100 _aसिन्हा, ओमप्रकाश
_9156292
245 0 _aनेहरू
_b यथार्थ के बीच एक आदर्श
246 _aNeharū: yathārtha ke bīch ek ādarsha
260 _aइलाहाबाद
_b परिमल प्रकाशन
_c1990
300 _a207पृ.
_ccm.
942 _hV2,21y7M89, 152N0
_cTEXL
_2CC
999 _c353219
_d353219